000 00540nam a2200181Ia 4500
001 19504
005 20260306172658.0
008 260306t2018||||xx |||||||||||||| ||spa||
041 _aESP
082 _a340.1
_bB141 T. 1
100 _aMispireta Gálvez, Carlos Alberto
_eAUT
245 0 _aAbusos y fraudes realizados a través de la persona jurídica:
_bproblemas y alternativas de solución en el derecho peruano
260 _c2018
300 _a284 páginas :
_c25 cm.
650 _aGEN
654 _aCDE
942 _cLIB
_dJUS
_fJUS
_2ddc
_n
999 _c19504
_d19504